|
|
|
|
| LEADER |
03012nam a22005535i 4500 |
| 001 |
978-3-642-15349-5 |
| 003 |
DE-He213 |
| 005 |
20151204174715.0 |
| 007 |
cr nn 008mamaa |
| 008 |
100821s2010 gw | s |||| 0|eng d |
| 020 |
|
|
|a 9783642153495
|9 978-3-642-15349-5
|
| 024 |
7 |
|
|a 10.1007/978-3-642-15349-5
|2 doi
|
| 040 |
|
|
|d GrThAP
|
| 050 |
|
4 |
|a QA76.6-76.66
|
| 072 |
|
7 |
|a UM
|2 bicssc
|
| 072 |
|
7 |
|a COM051000
|2 bisacsh
|
| 082 |
0 |
4 |
|a 005.11
|2 23
|
| 245 |
1 |
0 |
|a Reachability Problems
|h [electronic resource] :
|b 4th International Workshop, RP 2010, Brno, Czech Republic, August 28-29, 2010. Proceedings /
|c edited by Antonín Kučera, Igor Potapov.
|
| 264 |
|
1 |
|a Berlin, Heidelberg :
|b Springer Berlin Heidelberg,
|c 2010.
|
| 300 |
|
|
|a X, 199 p. 42 illus.
|b online resource.
|
| 336 |
|
|
|a text
|b txt
|2 rdacontent
|
| 337 |
|
|
|a computer
|b c
|2 rdamedia
|
| 338 |
|
|
|a online resource
|b cr
|2 rdacarrier
|
| 347 |
|
|
|a text file
|b PDF
|2 rda
|
| 490 |
1 |
|
|a Lecture Notes in Computer Science,
|x 0302-9743 ;
|v 6227
|
| 505 |
0 |
|
|a Descriptional Complexity of (Un)ambiguous Finite State Machines and Pushdown Automata -- Symbolic and Compositional Reachability for Timed Automata -- Temporal Logics over Linear Time Domains Are in PSPACE -- Lossy Counter Machines Decidability Cheat Sheet -- Behavioral Cartography of Timed Automata -- On the Joint Spectral Radius for Bounded Matrix Languages -- Z-Reachability Problem for Games on 2-Dimensional Vector Addition Systems with States Is in P -- Towards the Frontier between Decidability and Undecidability for Hyperbolic Cellular Automata -- Rewriting Systems for Reachability in Vector Addition Systems with Pairs -- The Complexity of Model Checking for Intuitionistic Logics and Their Modal Companions -- Depth Boundedness in Multiset Rewriting Systems with Name Binding -- Efficient Construction of Semilinear Representations of Languages Accepted by Unary NFA -- Efficient Graph Reachability Query Answering Using Tree Decomposition.
|
| 650 |
|
0 |
|a Computer science.
|
| 650 |
|
0 |
|a Software engineering.
|
| 650 |
|
0 |
|a Computer programming.
|
| 650 |
|
0 |
|a Programming languages (Electronic computers).
|
| 650 |
|
0 |
|a Computer logic.
|
| 650 |
|
0 |
|a Mathematical logic.
|
| 650 |
1 |
4 |
|a Computer Science.
|
| 650 |
2 |
4 |
|a Programming Techniques.
|
| 650 |
2 |
4 |
|a Software Engineering/Programming and Operating Systems.
|
| 650 |
2 |
4 |
|a Programming Languages, Compilers, Interpreters.
|
| 650 |
2 |
4 |
|a Logics and Meanings of Programs.
|
| 650 |
2 |
4 |
|a Software Engineering.
|
| 650 |
2 |
4 |
|a Mathematical Logic and Formal Languages.
|
| 700 |
1 |
|
|a Kučera, Antonín.
|e editor.
|
| 700 |
1 |
|
|a Potapov, Igor.
|e editor.
|
| 710 |
2 |
|
|a SpringerLink (Online service)
|
| 773 |
0 |
|
|t Springer eBooks
|
| 776 |
0 |
8 |
|i Printed edition:
|z 9783642153488
|
| 830 |
|
0 |
|a Lecture Notes in Computer Science,
|x 0302-9743 ;
|v 6227
|
| 856 |
4 |
0 |
|u http://dx.doi.org/10.1007/978-3-642-15349-5
|z Full Text via HEAL-Link
|
| 912 |
|
|
|a ZDB-2-SCS
|
| 912 |
|
|
|a ZDB-2-LNC
|
| 950 |
|
|
|a Computer Science (Springer-11645)
|